| 000 | 00631nam a2200205 a 4500 | ||
|---|---|---|---|
| 005 | 20221118063757.0 | ||
| 008 | 991125s1960 mx 000 0 spa u | ||
| 035 | _aUPN01000039443 | ||
| 049 | _aLT | ||
| 050 | 4 |
_aLB1573 M6 _bV4.5 |
|
| 100 | 1 | _aVelarde, Sergio | |
| 245 | 1 | 0 |
_aMi primer libro : _bmétodo de lectura y escritura / _cSergio Velarde. |
| 260 |
_aMéxico : _b[s.n., _c[196-?]. |
||
| 300 | _a96 p. | ||
| 500 | _aDisponible en la Colección Medina | ||
| 650 | 4 |
_aEscritura _xEstudio y enseñanza (Elemental) _92804 |
|
| 650 | 4 |
_aLectura _xEstudio y enseñanza (Elemental) _92805 |
|
| 905 | _aLibro | ||
| 999 |
_c39443 _d39443 |
||